Los honorarios de los peritos judiciales va̕s legales para su cobro /

Bibliographic Details
Main Author: Balagu ̌Domňech, Jos ̌C
Format: Unknown
Language:Spanish
Published: [Barcelona] : Atelier, 2005
Subjects:
Online Access:Acceso restringido

MARC

LEADER 00000ny a22000003n 4500
005 20110609141941.0
008 071204s2005 sp 000 0 spa d
035 |a 523 
040 |a UCN  |d vLex 
090 |c 621  |d 621 
100 1 |a Balagu ̌Domňech, Jos ̌C. 
245 1 4 |a Los honorarios de los peritos judiciales  |h [Recurso electrn̤ico]  |b va̕s legales para su cobro /  |c Jos ̌C. Balagu ̌Domn̈ech 
256 |a Servicio en ln̕ea 
260 |a [Barcelona] :  |b Atelier,  |c 2005 
300 |a p. ;  |c cm 
650 0 4 |a Informes periciales  |z Espaą 
740 0 |a vLex Libros (Servicios en ln̕ea) 
856 4 0 |z Acceso restringido  |u http://vlex.com/source/honorarios-peritos-judiciales-523 
942 |c BOOK 
999 0 |a Law  |b Barcelona